| 000 | 01222cam a2200337 i 4500 | ||
|---|---|---|---|
| 999 |
_c234711 _d234711 |
||
| 001 | 18609495 | ||
| 003 | Nust | ||
| 005 | 20170329160841.0 | ||
| 008 | 150508s2013 pl a b 000 0 eng | ||
| 010 | _a 2014490017 | ||
| 020 | _a81-219-0111-1 | ||
| 040 |
_aDLC _beng _cASAB _erda |
||
| 041 | 0 |
_aeng _bpol |
|
| 042 | _apcc | ||
| 050 | 0 | 0 |
_aTS176 _b.C646 2013 |
| 082 | _a620 | ||
| 245 | 0 | 0 |
_aA textbook of production engineering _cby P.C. Sharma |
| 300 |
_a983 pages : _billustrations ; _c24 cm. |
||
| 336 |
_atext _btxt _2rdacontent |
||
| 337 |
_aunmediated _bn _2rdamedia |
||
| 338 |
_avolume _bnc _2rdacarrier |
||
| 490 | 0 | _aMonografie / Politechnika Lubelska | |
| 504 | _aIncludes bibliographical references. | ||
| 546 | _aSummaries in Polish. | ||
| 650 | 0 |
_aProduction engineering _xData processing. |
|
| 650 | 0 | _aComputer-aided engineering. | |
| 700 | 1 |
_aŚwić, Antoni, _d1955- _eeditor. |
|
| 700 | 1 |
_aLipski, Jerzy, _d1947- _eeditor. |
|
| 906 |
_a7 _bcbc _corigres _d3 _encip _f20 _gy-gencatlg |
||
| 942 |
_2ddc _cBK |
||